000 00297nam a22001337a 4500
008 170401b xxu||||| |||| 00| 0 eng d
020 _a0874894603
041 _aeng
080 _a574
100 _a9
101 _aSHM
245 _aENVIRONMENTAL POLICY AND POLITICS
_cKRAFT, M.E
942 _2udc
_cBK
999 _c9447
_d9447